000 002840000a22000970004500
100 1 _aJezequel, Roberta
245 1 0 _aStanding in the gap : Women reaching the world
300 _aVol. 78, Num 4 (Octubre-Diciembre, 1998), Páginas 6-9
773 0 _tLatin America Evangelist
942 _cANA
999 _c55150
_d55150